| 000 | 01039nam a2200337 a 4500 | ||
|---|---|---|---|
| 001 | 000108662 | ||
| 003 | CHAP | ||
| 005 | 20220329144020.0 | ||
| 008 | 140303s2012 it ad |r| |||||||spa d | ||
| 010 | _a105124 | ||
| 011 | _a106096 | ||
| 020 | _a9789253072903 | ||
| 040 | _cCHAP | ||
| 090 | _aFolleto 18394 | ||
| 245 | 1 | 0 |
_aGuía de la FAO/OMS para desarrollar y mejorar sistemas nacionales de retiro de alimentos / _cpor FAO. |
| 260 |
_aRoma : _bFAO : _bWHO, _c2012. |
||
| 300 |
_a72 p. : _bil., diagrs. |
||
| 590 |
_aE5995AHE _b05 _c20140303 _lUCH01 _h1059 |
||
| 590 |
_aE5995AHE _b05 _c20140303 _lUCH01 _h1101 |
||
| 590 |
_aE5995AHE _b05 _c20140303 _lUCH01 _h1128 |
||
| 650 | 1 | 4 |
_aAlimentos _xHigiene. _94224 |
| 650 | 1 | 4 |
_aAlimentos _xProcesado. _94267 |
| 650 | 1 | 4 |
_aConsumo de alimentos. _9125558 |
| 650 | 1 | 4 |
_aEnfermedades transm por alimentos. _9125703 |
| 650 | 1 | 4 |
_aGestión de riesgos. _947803 |
| 650 | 1 | 4 |
_aInocuidad alimentaria. _958836 |
| 650 | 1 | 4 |
_aSalud pública. _9101813 |
| 901 | _aBK | ||
| 942 | _cFOLL | ||
| 942 | _n0 | ||
| 999 |
_c105124 _d105124 |
||